La lingua perduta delle gru /

Gardado en:
Detalles Bibliográficos
Autor Principal: Leavitt, David, 1961- (Author)
Outros autores: Vezzoli, Delfina (Translator), Pivano, Fernanda (Author of introduction, etc.)
Formato: Libro
Idioma:Lingua italiana
Publicado: Milano : A. Mondadori, 1990
Series:Oscar narrativa ; 1072
Tags: Engadir etiqueta
Sen Etiquetas, Sexa o primeiro en etiquetar este rexistro!

MARC

LEADER 00000nam a22000007i 4500
001 IT\ICCU\CFI\0220912
003 ItRI
005 20240227171705.0
008 930608s1990 it |||||| ||||| |||||c
020 |a 8804337060 
040 |b ita  |c C 
041 7 |a ita  |2 ISO-639-2 
082 |a 813.54  |2 11 
100 1 |a Leavitt, David,  |d 1961-  |0 IT\ICCU\CFIV\008092  |4 aut  |9 6 
240 1 4 |a The Lost Language of Cranes  |9 Leavitt, David 
245 1 3 |a La lingua perduta delle gru /  |c David Leavitt ; traduzione di Delfina Vezzoli ; introduzione di Fernanda Pivano. 
260 |a Milano :  |b A. Mondadori,  |c 1990 
300 |a 341 p. ;  |c 19 cm. 
700 1 |a Vezzoli, Delfina  |0 IT\ICCU\CFIV\008093  |4 trl 
700 1 |a Pivano, Fernanda  |0 IT\ICCU\CFIV\037838  |4 aui 
830 0 |a Oscar narrativa ;  |v 1072  |0 IT\ICCU\CFI\0167118 
942 |2 ddc  |c BK 
952 |0 0  |1 0  |2 ddc  |4 0  |6 813_540000000000000_LEA_LIN  |7 1  |9 455  |a GE  |b GE  |d 2019-10-14  |l 0  |o 813.54 LEA LIN  |p 3271  |r 2023-12-15 22:05:02  |w 2023-12-15  |y BK 
952 |0 0  |1 0  |2 ddc  |4 0  |6 813_540000000000000_LEA_LIN  |7 1  |9 4065  |a AO  |b AO  |d 2025-04-29  |l 0  |o 813.54 LEA LIN  |p 11250  |r 2025-04-29 11:52:14  |w 2025-04-29  |x Di proprietà di Giulio Gasperini  |y BK 
981 1 |6 z01  |a i   |b xxxe  
982 1 |6 z01  |a n 
999 |c 363  |d 363